| 000 | 00375nam a22001697a 4500 | ||
|---|---|---|---|
| 005 | 20260406131650.0 | ||
| 008 | 160627b xxu||||| |||| 00| 0 eng d | ||
| 020 | _a978-0-330-41551-1 | ||
| 041 | _aeng | ||
| 082 | _b813.6 | ||
| 100 |
_aCabot, Meg. _98922 |
||
| 245 | _aThe Princess Diaries | ||
| 260 | _bMac Millan | ||
| 300 | _a238 | ||
| 650 | _aManagement | ||
| 942 | _cBK | ||
| 999 |
_c4123 _d4122 |
||